Statistics for Most Spoken Languages in the world

Click here to take the quiz!

General Stats

  • This quiz has been taken 50 times
  • The average score is 9 of 10

Answer Stats

HintAnswer% Correct
1English
100%
4Spanish
100%
5French
96%
2Mandarin
96%
9Portuguese
89%
6Arabic (Modern Standard)
87%
3Hindi
87%
8Russian
79%
7Bengali
70%
10Urdu
64%

Score Distribution

Percentile by Number Answered

Percent of People with Each Score

Your Score History

You have not taken this quiz